| 000 | 00797cam a22002531 4500 | ||
|---|---|---|---|
| 001 | sa 68019949 | ||
| 003 | DLC | ||
| 005 | 20260227112721.0 | ||
| 008 | 940504s1959 io ac 000 0 ind | ||
| 010 | _asa 68019949 | ||
| 025 | _aPL480:Indo-8225 | ||
| 035 | _a(OCoLC)30381251 | ||
| 040 |
_aDLC _cCU _dCU _dDLC |
||
| 042 | _apremarc | ||
| 050 | 0 | 0 |
_aLG181.J6 _bS317 |
| 100 | 1 | _aSardjito, M. | |
| 245 | 0 | 0 |
_aPidato pembukaan rapat senat terbuka pada dies natalis Universitas Gadjah Mada jang ke X (lustrum II) pada tanggal 19 Desember 1959, _coleh M. Sardjito. |
| 250 | _a[Tjet. 1. | ||
| 260 |
_aJogjakarta, _c1959?] |
||
| 300 |
_a43, [26] p. _billus., ports. _c24 cm. |
||
| 500 | _aPages [44-69] lists faculty. | ||
| 610 | 2 | 0 | _aUniversitas Gadjah Mada. |
| 710 | 2 | _aUniversitas Gadjah Mada. | |
| 999 |
_c89158 _d89158 |
||